<?xml version="1.0" encoding="UTF-8"?>
<record
    xmlns:xsi="http://www.w3.org/2001/XMLSchema-instance"
    xsi:schemaLocation="http://www.loc.gov/MARC21/slim http://www.loc.gov/standards/marcxml/schema/MARC21slim.xsd"
    xmlns="http://www.loc.gov/MARC21/slim">

  <leader>02362nam a2200361 a 4500</leader>
  <controlfield tag="001">000012928</controlfield>
  <controlfield tag="003">DO-SdBNP</controlfield>
  <controlfield tag="005">20150813111012.0</controlfield>
  <controlfield tag="007">000012928</controlfield>
  <controlfield tag="008">091118s2005    dr ac         000 0 spa d</controlfield>
  <datafield tag="020" ind1=" " ind2=" ">
    <subfield code="a">9945110438 (v. 2)</subfield>
  </datafield>
  <datafield tag="020" ind1=" " ind2=" ">
    <subfield code="a">9945110446 (v. 3)</subfield>
  </datafield>
  <datafield tag="040" ind1=" " ind2=" ">
    <subfield code="a">BPMSU</subfield>
    <subfield code="b">spa</subfield>
    <subfield code="c">BPMSU</subfield>
  </datafield>
  <datafield tag="092" ind1=" " ind2=" ">
    <subfield code="a">xxxx</subfield>
    <subfield code="b">L566</subfield>
  </datafield>
  <datafield tag="245" ind1="0" ind2="0">
    <subfield code="a">Lengua y literatura :</subfield>
    <subfield code="b">educaci&#xF3;n media /</subfield>
    <subfield code="c">Martha Campusano...[et al.] ; direcci&#xF3;n editorial Obdulia Garc&#xED;a de Escobar.</subfield>
  </datafield>
  <datafield tag="246" ind1=" " ind2=" ">
    <subfield code="a">Educaci&#xF3;n media </subfield>
  </datafield>
  <datafield tag="260" ind1=" " ind2=" ">
    <subfield code="a">Santo Domingo :</subfield>
    <subfield code="b">Santillana,</subfield>
    <subfield code="c">2005.</subfield>
  </datafield>
  <datafield tag="300" ind1=" " ind2=" ">
    <subfield code="a">4 v. :</subfield>
    <subfield code="b">il., retrs. ;</subfield>
    <subfield code="c">28 cm.</subfield>
  </datafield>
  <datafield tag="490" ind1="1" ind2=" ">
    <subfield code="a">&#xC1;mbar</subfield>
  </datafield>
  <datafield tag="500" ind1=" " ind2=" ">
    <subfield code="a">La biblioteca solamente posee los volumenes 2-3</subfield>
  </datafield>
  <datafield tag="505" ind1="0" ind2=" ">
    <subfield code="a">v. 2 :</subfield>
    <subfield code="g">2do. curso/ 1er. ciclo</subfield>
    <subfield code="g">unidad 1 --</subfield>
    <subfield code="t">Vivir para aprender --</subfield>
    <subfield code="g">unidad 2 --</subfield>
    <subfield code="t">El deber hist&#xF3;rico --</subfield>
    <subfield code="g">unidad 3 --</subfield>
    <subfield code="t">Creer para vivir --</subfield>
    <subfield code="g">unidad 4 --</subfield>
    <subfield code="t">Nos hacemos trabajando --</subfield>
    <subfield code="g">unidad 5 --</subfield>
    <subfield code="t">Creer para crear --</subfield>
    <subfield code="g">unidad 6 --</subfield>
    <subfield code="t">El lugar donde vivimos --</subfield>
    <subfield code="g">unidad 7 --</subfield>
    <subfield code="t">Tu vida es tu historia --</subfield>
    <subfield code="g">unidad 8 --</subfield>
    <subfield code="t">&#xBF;Vives como piensas? --</subfield>
    <subfield code="g">unidad 9 --</subfield>
    <subfield code="t">El teatro de la vida --</subfield>
    <subfield code="g">unidad 10 --</subfield>
    <subfield code="t">El deber de recordar --</subfield>
  </datafield>
  <datafield tag="505" ind1="0" ind2=" ">
    <subfield code="a">v. 3 :</subfield>
    <subfield code="g">1er. curso/ 2do. ciclo</subfield>
    <subfield code="g">unidad 1 --</subfield>
    <subfield code="t">El trabajo de ser uno mismo --</subfield>
    <subfield code="g">unidad 2 --</subfield>
    <subfield code="t">Respetar el derecho ajeno --</subfield>
    <subfield code="g">unidad 3 --</subfield>
    <subfield code="t">Construir al ser humano --</subfield>
    <subfield code="g">unidad 4 --</subfield>
    <subfield code="t">La mujer en la historia --</subfield>
    <subfield code="g">unidad 5 --</subfield>
    <subfield code="t">Amigos para siempre --</subfield>
    <subfield code="g">unidad 6 --</subfield>
    <subfield code="t">Ser dominicanos --</subfield>
    <subfield code="g">unidad 7 --</subfield>
    <subfield code="t">Valemos lo que so&#xF1;amos --</subfield>
    <subfield code="g">unidad 8 --</subfield>
    <subfield code="t">El reino de este mundo --</subfield>
    <subfield code="g">unidad 9 --</subfield>
    <subfield code="t">Pensar para crecer --</subfield>
    <subfield code="g">unidad 10 --</subfield>
    <subfield code="t">&#xA1;M&#xE1;quina con tus ideas! --</subfield>
  </datafield>
  <datafield tag="505" ind1="0" ind2=" ">
    <subfield code="a">v. 4 :</subfield>
    <subfield code="g">2do. curso/ 2do. ciclo</subfield>
    <subfield code="g">unidad 1 --</subfield>
    <subfield code="t">El sentido del orden --</subfield>
    <subfield code="g">unidad 2 --</subfield>
    <subfield code="t">Por caminos imaginarios --</subfield>
    <subfield code="g">unidad 3 --</subfield>
    <subfield code="t">El l&#xED;mite de lo real --</subfield>
    <subfield code="g">unidad 4 --</subfield>
    <subfield code="t">La ciencia a favor de la vida --</subfield>
    <subfield code="g">unidad 5 --</subfield>
    <subfield code="t">Crear para ser --</subfield>
    <subfield code="g">unidad 6 --</subfield>
    <subfield code="t">El mundo del trabajo --</subfield>
    <subfield code="g">unidad 7 --</subfield>
    <subfield code="t">Con ojo cr&#xED;tico --</subfield>
    <subfield code="g">unidad 8 --</subfield>
    <subfield code="t">Tu historia cuenta --</subfield>
    <subfield code="g">unidad 9 --</subfield>
    <subfield code="t">Cuando crear es hacer --</subfield>
    <subfield code="g">unidad 10 --</subfield>
    <subfield code="t">Leer, imaginar, crecer --</subfield>
  </datafield>
  <datafield tag="700" ind1="1" ind2=" ">
    <subfield code="a">Flores, Tania</subfield>
  </datafield>
  <datafield tag="700" ind1="1" ind2=" ">
    <subfield code="a">Garc&#xED;a Cartagena, Manuel</subfield>
  </datafield>
  <datafield tag="700" ind1="1" ind2=" ">
    <subfield code="a">Osorio Meza, Mar&#xED;a Jos&#xE9;</subfield>
  </datafield>
  <datafield tag="700" ind1="1" ind2=" ">
    <subfield code="a">Garc&#xED;a Escobar, Obdulia de,</subfield>
    <subfield code="e">dir. ed.</subfield>
  </datafield>
  <datafield tag="830" ind1=" " ind2="0">
    <subfield code="a">&#xC1;mbar</subfield>
  </datafield>
  <datafield tag="930" ind1=" " ind2="1">
    <subfield code="l">BND01</subfield>
    <subfield code="m">LF1</subfield>
    <subfield code="8">20091118</subfield>
    <subfield code="f">01</subfield>
    <subfield code="p">HD</subfield>
    <subfield code="g">7864</subfield>
  </datafield>
  <datafield tag="942" ind1=" " ind2=" ">
    <subfield code="2">ddc</subfield>
    <subfield code="c">BK</subfield>
  </datafield>
  <datafield tag="952" ind1=" " ind2=" ">
    <subfield code="0">0</subfield>
    <subfield code="1">0</subfield>
    <subfield code="2">ddc</subfield>
    <subfield code="4">0</subfield>
    <subfield code="7">0</subfield>
    <subfield code="8">DOM</subfield>
    <subfield code="a">BPMET</subfield>
    <subfield code="b">BPMET</subfield>
    <subfield code="d">2015-08-13</subfield>
    <subfield code="l">0</subfield>
    <subfield code="p">BPMET15080379</subfield>
    <subfield code="r">2015-08-13</subfield>
    <subfield code="t">v. 2</subfield>
    <subfield code="w">2015-08-13</subfield>
    <subfield code="y">BK</subfield>
  </datafield>
  <datafield tag="952" ind1=" " ind2=" ">
    <subfield code="0">0</subfield>
    <subfield code="1">0</subfield>
    <subfield code="2">ddc</subfield>
    <subfield code="4">0</subfield>
    <subfield code="7">0</subfield>
    <subfield code="8">DOM</subfield>
    <subfield code="a">BPMET</subfield>
    <subfield code="b">BPMET</subfield>
    <subfield code="d">2015-08-13</subfield>
    <subfield code="l">0</subfield>
    <subfield code="p">BPMET15080380</subfield>
    <subfield code="r">2015-08-13</subfield>
    <subfield code="t">v. 3</subfield>
    <subfield code="w">2015-08-13</subfield>
    <subfield code="y">BK</subfield>
  </datafield>
  <datafield tag="956" ind1=" " ind2=" ">
    <subfield code="a">YLOCKWARD</subfield>
    <subfield code="b">10</subfield>
    <subfield code="c">20150805</subfield>
    <subfield code="l">BND01</subfield>
    <subfield code="h">1303</subfield>
  </datafield>
  <datafield tag="956" ind1=" " ind2=" ">
    <subfield code="a">VMATEO</subfield>
    <subfield code="b">10</subfield>
    <subfield code="c">20150813</subfield>
    <subfield code="l">BPMSU</subfield>
    <subfield code="h">00151</subfield>
  </datafield>
  <datafield tag="999" ind1=" " ind2=" ">
    <subfield code="c">8195</subfield>
    <subfield code="d">8195</subfield>
  </datafield>
</record>
